| 000 | 00897cam a2200361 4500 | ||
|---|---|---|---|
| 008 | 090401t1990 xxu||||| |||| 00| 0 eng d | ||
| 020 | _a1852510528 | ||
| 035 | _a(Sirsi) u54117 | ||
| 041 | _aeng | ||
| 050 | _a333.330062 | ||
| 110 |
_aEdward Erdman _92048 |
||
| 245 | _aProperty | ||
| 260 |
_aLondon _bMercury Books _c1990 |
||
| 300 | _ax,260p. : ill.,maps ; 25cm. | ||
| 350 | _a12.95 | ||
| 520 | _aPublished in association with CBI Initiative 1992 . | ||
| 650 | _aBELGIUM | ||
| 650 | _aCONFEDERATION OF BRITISH INDUSTRY | ||
| 650 | _aDENMARK | ||
| 650 | _aEIRE | ||
| 650 | _aEUROPEAN COMMUNITY | ||
| 650 | _aFRANCE | ||
| 650 | _aGREECE | ||
| 650 | _aITALY | ||
| 650 | _aLUXEMBOURG | ||
| 650 | _aNETHERLANDS | ||
| 650 | _aPORTUGAL | ||
| 650 | _aPROPERTY MARKET | ||
| 650 | _aSPAIN | ||
| 650 | _aFEDERAL REPUBLIC OF GERMANY | ||
| 942 | _n0 | ||
| 948 | _c04/03/1997 | ||
| 999 |
_c93424 _d93424 |
||